Química

Texto para uno o dos semestres de Química general en varias licenciaturas: ingeniería química, ciencias químicas, ingeniería industrial, ingeniería eléctrica, ingeniería ambiental, entre otras. Se caracteriza por tener un buen balance entre teoría y práctica plantea problemas cotidianos para un estu...

Full description

Bibliographic Details
Main Author: Chang, Raymond
Other Authors: Goldsby, Kenneth A.
Format: Libro
Language:Spanish
Published: Perú : Mac Graw Hill, 2016.
Edition:Duodécima edición.
Series:Education
Online Access:

MARC

LEADER 00000cam a2200000 4500
003 UAHC
005 20230804063758.0
008 190729s2016 pe ||||| |||| 00| 0 spa |
020 |a 9786071513939 
035 |a PEDAGOGÍA 
040 |a UAHC_CL  |c UAHC_CL  |d UAHC_CL 
082 |2 21  |a 540  |b C456 
100 |9 8673  |a Chang, Raymond 
245 |a Química  |c Raymond Chang, Kenneth A. Goldsby. 
250 |a Duodécima edición. 
260 |a Perú :  |b Mac Graw Hill,  |c 2016. 
300 |a 1109 páginas. 
440 |9 8311  |a Education 
520 |a Texto para uno o dos semestres de Química general en varias licenciaturas: ingeniería química, ciencias químicas, ingeniería industrial, ingeniería eléctrica, ingeniería ambiental, entre otras. Se caracteriza por tener un buen balance entre teoría y práctica plantea problemas cotidianos para un estudiante de licenciatura. Se modificaron varios dibujos para mostrar el avance en la ciencia y en las aplicaciones que se describen. Se rediseñaron las estructuras moleculares con ChemDraw, el líder en software de dibujo químico. Se agregaron más de 100 nuevas fotografías sobre los procesos que se pueden entenderse si se emplea química subyacente.  
700 |9 8674  |a Goldsby, Kenneth A. 
942 |2 ddc  |c BK 
952 |0 0  |1 0  |2 ddc  |4 0  |6 540_000000000000000_CHAN  |7 0  |8 BAS  |9 92483  |a BC  |b BC  |c General  |d 2019-07-29  |l 5  |m 1  |o 540 CHAN  |p 1471238  |q 2026-03-31  |r 2026-03-24 13:33:08  |s 2026-03-24  |t 1  |w 2019-07-29  |y BK  |z También lo encuentras en bibliografias.academia.cl  |A QMC  |B ENF 
999 |c 52240  |d 52240